Statistics for Countries With Most Beautiful Women

Click here to take the quiz!

General Stats

  • This quiz has been taken 82 times
  • The average score is 7 of 15

Answer Stats

HintAnswer% Correct
1.Brazil
94%
6.Mexico
81%
7.Russia
79%
2.Venezuela
72%
3.Spain
71%
4.Ukraine
68%
11.Cuba
53%
9.Israel
38%
5.Panama
38%
15.Dominican Republic
37%
14.Costa Rica
35%
10.Nigeria
24%
8.Algeria
19%
13.Ethiopia
12%
12.Somalia
12%

Score Distribution

Percentile by Number Answered

Percent of People with Each Score

Your Score History

You have not taken this quiz